|
|
|
|
| LEADER |
00000nam a2200000Ia 4500 |
| 008 |
180601b1988 cr ||||| |||| 00| | spa d |
| 999 |
|
|
|c 1093
|d 1093
|
| 020 |
|
|
|a 9977-917-76-0
|
| 090 |
|
|
|a 18.09.00
|b 281
|
| 100 |
1 |
|
|a Chavarría González, María Celina
|9 200
|
| 245 |
1 |
0 |
|a Criterios cualitativos de evaluación docente : estudio técnico /
|c M. Celina Chavarría González, Eduardo Castillo Ortiz, Alexander Cox Alvarado
|
| 260 |
|
|
|a San José, C.R. :
|b Oficina de Publicaciones de la Universidad de Costa Rica,
|c 1988
|
| 300 |
|
|
|a 90 páginas
|
| 650 |
1 |
4 |
|a EVALUACIÓN
|9 287
|
| 650 |
1 |
4 |
|a DOCENTES
|9 331
|
| 650 |
1 |
4 |
|a EDUCACIÓN SUPERIOR
|9 8
|
| 700 |
1 |
|
|a Castillo Ortiz , Julio Eduardo
|9 2978
|
| 700 |
|
|
|a Cox Alvarado Alexander
|9 590
|
| 942 |
|
|
|i 00374
|h 18.09.00 281
|2 z
|c 01
|